000
00271nam a2200097Ia 4500
082
_a
T ST 839.36 VEER
245
0
_a
Veerkrag
100
_a
Schutz, Adri Kaapstad, 1993 - [2003] 1ste uitg
_9
99406
942
_c
BK
008
210817s9999 xx 000 0 und d
999
_c
421922
_d
421921